000
00293nam a22001337a 4500
008
170904b xxu||||| |||| 00| 0 eng d
020
_a
9781935030928
041
_a
eng
080
_2
13TH
_a
070
100
_a
40
101
_a
MED
245
_a
COMMUNICATION 101
_c
DESANTIS,A
942
_2
udc
_c
BK
999
_c
26055
_d
26055